000 00341nam a2200157Ia 4500
003 OSt
005 20240210143042.0
008 170524s9999 xx 000 0 und d
020 _a9352865278
040 _cIIMT UNIVERSITY
100 _aTaha- H.A.
245 0 _aOperation Research
260 _bPearson
260 _c2013
942 _2ddc
_c02
999 _c6112
_d6112